Tate McRae - Chansons de l'album Think Later dans l'ordre alphabétique - Statistiques

Statistiques générales
  • Ce quiz a été pris 35 fois
  • Le résultat moyen est 11 sur 14
Statistiques - réponses
Lettres Chansons % Correct
E Exes
93%
G Greedy
93%
T Think Later
93%
C Calgary
86%
C Cut My Hair
82%
R Run for the Hills
82%
M Messier
79%
P Plastic Palm Trees
79%
W We're Not Alike
79%
G Grave
75%
G Guilty Conscience
75%
W Want That Too
75%
H Hurt My Feelings
71%
S Stay Done
57%
Aucun quiz correspondant
Distribution des résultats
% des personnes avec chaque résultat
Percentile par nombre de réponses
Votre historique - résultats
Vous n’avez pas pris ce quiz